UBT Library

Essentials of pharmacology for health occupations / (Record no. 41150)

000 -LEADER
fixed length control field 00823cam a2200265 a 4500
001 - CONTROL NUMBER
control field 16177637
005 - DATE AND TIME OF LATEST TRANSACTION
control field 20180129070323.0
008 - FIXED-LENGTH DATA ELEMENTS--GENERAL INFORMATION
fixed length control field 100408s2011 nyua b 001 0 eng
010 ## - LIBRARY OF CONGRESS CONTROL NUMBER
LC control number 2010926418
020 ## - INTERNATIONAL STANDARD BOOK NUMBER
International Standard Book Number 9781435480339
020 ## - INTERNATIONAL STANDARD BOOK NUMBER
International Standard Book Number 1435480333
040 ## - CATALOGING SOURCE
Original cataloging agency DLC
Transcribing agency DLC
Modifying agency DLC
041 ## - LANGUAGE CODE
Language code of text/sound track or separate title eng
042 ## - AUTHENTICATION CODE
Authentication code pcc
080 ## - UNIVERSAL DECIMAL CLASSIFICATION NUMBER
Universal Decimal Classification number 615 WOO
082 ## - DEWEY DECIMAL CLASSIFICATION NUMBER
Classification number 615 WOO
100 1# - Rafti
Rafti 5
101 ## - Shkurtesa
Shkurtesa FAR
245 10 - TITLE STATEMENT
Title Essentials of pharmacology for health occupations /
Statement of responsibility, etc Ruth Woodrow, Bruce J. Colbert, David M. Smith.
504 ## - BIBLIOGRAPHY, ETC. NOTE
Bibliography, etc Includes bibliographical references (p. 530) and index.
906 ## - LOCAL DATA ELEMENT F, LDF (RLIN)
a 7
b cbc
c origcop
d 3
e epcn
f 20
g y-gencatlg
942 ## - ADDED ENTRY ELEMENTS (KOHA)
Source of classification or shelving scheme
Item type Books
Holdings
Withdrawn status Lost status Source of classification or shelving scheme Damaged status Not for loan Collection code Permanent location Current location Shelving location Date acquired Total Checkouts Full call number Barcode Date last seen Price effective from Koha item type
          Koleksioni i përgjithshem UBT - Lipjan UBT - Lipjan Koleksioni i përgjithshem 01/29/2018   615 WOO 002-2996705 01/29/2018 01/29/2018 Books
UBT Library © 2015-2024. All rights reserved University Education for Business and Technology